| 000 -CABECERA |
| Longitud fija campo de control |
00481nam a2200181 a 4500 |
| 001 - NÚMERO DE CONTROL |
| Número de control |
3302 |
| 003 - IDENTIFICADOR DEL NÚMERO DE CONTROL |
| Identificador del número de control |
CDMR |
| 005 - FECHA Y HORA DE LA ÚLTIMA TRANSACCIÓN |
| Fecha y hora de la última transacción |
20131024122911.0 |
| 008 - CÓDIGOS DE INFORMACIÓN DE LONGITUD FIJA |
| Códigos de información de longitud fija |
130130s1978||||||||||||||||||||||||||||d |
| 040 ## - FUENTE DE LA CATALOGACIÓN |
| Centro catalogador de origen |
CDMR |
| Lengua de catalogación |
cat |
| Centro transcriptor |
CDMR |
| 100 1# - PUNTO DE ACCESO PRINCIPAL-NOMBRE DE PERSONA |
| Nombre de persona |
Eschenbach, J. |
| 9 (RLIN) |
2392 |
| 245 10 - MENCIÓN DE TÍTULO |
| Título |
Radiodifusión para la innovación |
| Mención de responsabilidad, etc. |
Josef Eschenbach |
| 246 #1 - VARIANTES DE TÍTULO |
| Título propio / Título en breve |
The role of broadcasting in rural communication |
| 260 ## - PUBLICACIÓN, DISTRIBUCIÓN, ETC. (PIE DE IMPRENTA) |
| Lugar de publicación, distribución, etc. |
Quito |
| Fecha de publicación, distribución, etc. |
1978 |
| Nombre del editor, distribuidor, etc. |
Epoca |
| 300 ## - DESCRIPCIÓN FÍSICA |
| Extensión |
208 p. |
| 490 ## - MENCIÓN DE SERIE |
| Mención de serie |
Intiyan |
| Designación de volumen o secuencia |
8 |
| 942 ## - ENTRADA DE ELEMENTOS AGREGADOS (KOHA) |
| Koha [por defecto] tipo de item |
Monografies |
| Fuente de clasificaión o esquema |
|